[Event "Summer Cup"]
[Site "Wellington Chess Club"]
[Date "2021.03.18"]
[Round "6.10"]
[White "Symon, Christopher"]
[Black "Loke, Kayden"]
[Result "1/2-1/2"]
[WhiteElo "2022"]
[BlackElo "1608"]

1. Nf3 d5 2. c4 d4 3. g3 c5 4. Bg2 Nc6 5. O-O e5 6. d3 f5 7. e3 Bd6 8. Re1 Nf6
9. exd4 cxd4 10. c5 Bc7 11. b4 a6 12. Bf4 Nd7 13. Qb3 Qf6 14. Ng5 h6 15. Ne6
Bb8 16. Bxc6 bxc6 17. Nxd4 g5 18. Bd2 Nf8 19. Nf3 Be6 20. Qb2 Ng6 21. Bc3 Kf7
22. Nxe5+ Nxe5 23. Rxe5 Bxe5 24. Bxe5 Qd8 25. Bxh8 Qxh8 26. Qxh8 Rxh8 27. Nc3
f4 28. a3 h5 29. Ne4 Kg6 30. Re1 Bh3 31. f3 Bf5 32. Kf2 Rd8 33. Rd1 a5 34. Nd6
axb4 35. axb4 Rb8 36. Nxf5 Kxf5 37. Rb1 Rd8 38. Rb3 fxg3+ 39. hxg3 h4 40. b5
cxb5 41. c6 Kf6 42. c7 Rc8 43. gxh4 gxh4 44. Kg2 Rxc7 45. Rxb5 Rd7 46. Rb4 Kg5
47. Rg4+ Kh5 48. d4 Rf7 49. d5 h3+ 50. Kg3 Rf5 51. Rd4 h2 52. Rh4+ Kg6 53. Rxh2
Rxd5 54. Rb2 Kf5 55. Rb4 Ra5 56. Rh4 Ra3 57. Rf4+ Kg5 58. Rb4 Ra5 59. Re4 Rd5
60. f4+ Kf5 61. Kf3 Rd3+ 62. Re3 Rxe3+ 63. Kxe3 Kf6 64. Ke4 Ke6 65. f5+ 1/2-1/2

[Event "Summer Cup"]
[Site "Wellington Chess Club"]
[Date "2021.03.18"]
[Round "6.11"]
[White "Ackroyd, William"]
[Black "Jackson, Ross"]
[Result "1/2-1/2"]
[WhiteElo "1670"]
[BlackElo "2006"]

1. d4 d5 2. c4 e6 3. Nc3 Be7 4. cxd5 exd5 5. Bf4 Nf6 6. e3 O-O 7. Bd3 c6 8. Qc2
h6 9. Nge2 Re8 10. h3 Bd6 11. O-O Bxf4 12. Nxf4 Nbd7 13. b4 Nf8 14. b5 Bd7 15.
bxc6 Bxc6 16. Qb3 Ne6 17. Nxe6 Rxe6 18. Rfe1 Re7 19. Rac1 Qd7 20. Rc2 Rd8 21.
Bb5 Bxb5 22. Qxb5 Qd6 23. Qa5 a6 24. Na4 Ne4 25. Qb6 Qb8 26. Rec1 Nd6 27. Nb2
Nb5 28. Qxd8+ Qxd8 29. Rc8 Re8 30. Rxd8 Rxd8 31. a4 Nd6 32. Rc7 Kf8 33. Kf1 Ke8
34. Nd3 Rd7 35. Rc5 Ne4 36. Rc8+ Rd8 37. Rc7 Rd7 38. Rc8+ Rd8 39. Rc7 Rd7
1/2-1/2

[Event "Summer Cup"]
[Site "Wellington Chess Club"]
[Date "2021.03.18"]
[Round "6.12"]
[White "Dunn, Paul"]
[Black "De Silva, Shashika"]
[Result "1-0"]
[WhiteElo "2000"]
[BlackElo "1500"]

1. d4 d5 2. c4 e5 3. dxe5 d4 4. Nf3 Nc6 5. Nbd2 Bg4 6. a3 Qd7 7. h3 Bh5 8. b4
Rd8 9. Bb2 Bxf3 10. Nxf3 Qe6 11. Qa4 Rd7 12. Rc1 Nxe5 13. Nxe5 Qxe5 14. e3 c5
15. Be2 b6 16. Bf3 Kd8 17. O-O Bd6 18. g3 Qf5 19. Bg4 1-0

[Event "Summer Cup"]
[Site "Wellington Chess Club"]
[Date "2021.03.18"]
[Round "6.13"]
[White "Chen, Wei Kai"]
[Black "Uzbekov, Igor"]
[Result "1-0"]
[WhiteElo "1929"]
[BlackElo "1500"]

1. b3 d5 2. Bb2 Nc6 3. e3 e5 4. Nf3 Bg4 5. Be2 f6 6. O-O Bc5 7. d4 exd4 8. Nxd4
Bxe2 9. Qxe2 Qd7 10. c4 O-O-O 11. cxd5 Qxd5 12. Nxc6 Qxc6 13. b4 Bf8 14. Rc1
Qd7 15. Na3 Bxb4 16. Nb5 c6 17. Bd4 Ne7 18. Rab1 a6 19. Na7+ Kb8 20. Rxb4 Nd5
21. Nxc6+ Ka8 22. Nxd8 Nxb4 23. Rb1 a5 24. a3 Qxd8 25. axb4 Re8 26. Qb5 axb4
27. Ra1+ Kb8 28. Ba7+ 1-0

[Event "Summer Cup"]
[Site "Wellington Chess Club"]
[Date "2021.03.18"]
[Round "6.14"]
[White "Wevers, Alexis"]
[Black "Zaslow, Henry"]
[Result "1-0"]
[WhiteElo "1831"]
[BlackElo "1500"]

1. e4 c5 2. Nf3 d6 3. d4 cxd4 4. Nxd4 Nf6 5. Nc3 a6 6. Rg1 Nc6 7. g4 Nxd4 8.
Qxd4 Bxg4 9. Rxg4 Nxg4 10. Qa4+ b5 11. Nxb5 e6 12. Nc7+ Ke7 13. Nxa8 Qxa8 14.
Be2 h5 15. h3 Ne5 16. Bf4 Kf6 17. O-O-O g6 18. Bxe5+ dxe5 19. Bxa6 Bh6+ 20. Kb1
Rd8 21. Rd3 Bf4 22. Bb5 Qb8 23. Qa5 Rd4 24. f3 Kg5 25. c3 Rd6 26. Kc2 Kh4 27.
Rxd6 Qxd6 28. Bd3 Kxh3 29. Qa7 f5 30. Qf2 Bg3 31. Qd2 Kh4 32. b4 f4 33. Bf1 Qb6
34. a4 Kg5 35. a5 1-0

[Event "Summer Cup"]
[Site "Wellington Chess Club"]
[Date "2021.03.18"]
[Round "6.15"]
[White "Darr, Samuel"]
[Black "Benitez, Edgar"]
[Result "0-1"]
[WhiteElo "1632"]
[BlackElo "2033"]

1. e4 e5 2. Nf3 Nc6 3. Bc4 Bc5 4. d3 Nf6 5. Be3 Be7 6. Nc3 d6 7. h3 O-O 8. Nh2
Na5 9. Nf1 Nxc4 10. dxc4 Be6 11. Nd2 Nd7 12. Nd5 f5 13. g3 c5 14. Qe2 Bxd5 15.
cxd5 f4 16. gxf4 exf4 17. Qg4 fxe3 18. fxe3 Ne5 19. Qe6+ Kh8 20. O-O-O Rf6 21.
Qxf6 Bxf6 22. Kb1 b5 23. Nf1 Nc4 24. c3 Qa5 25. Rc1 b4 26. cxb4 Qxb4 27. b3
Na3# 0-1

[Event "Summer Cup"]
[Site "Wellington Chess Club"]
[Date "2021.03.18"]
[Round "6.16"]
[White "Rudykh, Dmitry"]
[Black "Sole, Michael"]
[Result "0-1"]
[WhiteElo "1500"]
[BlackElo "1986"]

1. e4 c5 2. Nf3 d6 3. h3 Nf6 4. Bb5+ Nbd7 5. d3 a6 6. Ba4 b5 7. Bb3 Bb7 8. Nbd2
e6 9. O-O Be7 10. Re1 O-O 11. a4 Re8 12. c4 b4 13. Bc2 Qc7 14. Nb3 h6 15. a5 d5
16. e5 Nh7 17. Qe2 Rad8 18. d4 Ndf8 19. Be3 cxd4 20. Bxd4 Qxc4 21. Qd1 Qb5 22.
Bd3 Qd7 23. Qe2 Ra8 24. Rac1 Rec8 25. Bb6 Qe8 26. Rc2 Rxc2 27. Qxc2 Ng5 28. Qe2
Nxf3+ 29. Qxf3 Nd7 30. Qe2 Nxb6 31. axb6 Qa4 32. Bc2 Qb5 33. Qe3 Rc8 34. Rc1 a5
35. Bd3 Rxc1+ 36. Nxc1 Qc6 37. Nb3 d4 38. Qg3 Qxb6 39. Qg4 a4 40. Nxd4 Bc5 41.
Be4 Bxe4 42. Qxe4 Bxd4 43. Qa8+ Kh7 44. Qe4+ g6 45. Qe2 Bxf2+ 46. Qxf2 Qxf2+
47. Kxf2 a3 48. bxa3 bxa3 49. Kg3 a2 50. Kh4 a1=Q 51. Kg4 Qc3 52. h4 0-1

[Event "Summer Cup"]
[Site "Wellington Chess Club"]
[Date "2021.03.18"]
[Round "6.17"]
[White "Aldridge, Alan"]
[Black "Marney, John"]
[Result "1-0"]
[WhiteElo "1826"]
[BlackElo "1638"]

1. e4 e5 2. Nf3 Nc6 3. Bb5 Bc5 4. c3 Nf6 5. d4 Bb6 6. Bg5 exd4 7. O-O dxc3 8.
Nxc3 h6 9. Bh4 d6 10. e5 g5 11. Nxg5 hxg5 12. Bxg5 dxe5 13. Qxd8+ Kxd8 14.
Bxf6+ 1-0

[Event "Summer Cup"]
[Site "Wellington Chess Club"]
[Date "2021.03.18"]
[Round "6.18"]
[White "Webster, Jamie"]
[Black "Jones, Christopher"]
[Result "1-0"]
[WhiteElo "1720"]
[BlackElo "1500"]

1. e4 e5 2. Nf3 Nc6 3. Bb5 a6 4. Ba4 Nf6 5. O-O Bc5 6. c3 d6 7. d4 exd4 8. cxd4
b5 9. dxc5 bxa4 10. cxd6 Qxd6 11. Qxd6 cxd6 12. Nc3 O-O 13. Bf4 Re8 14. Rfe1
Nb4 15. Nd4 Nd3 16. Bxd6 Nxe1 17. Rxe1 Bd7 18. e5 Ng4 19. Nd5 Rac8 20. Ne7+
Rxe7 21. Bxe7 Rb8 22. h3 Nxf2 23. Kxf2 Rxb2+ 24. Re2 Rb7 25. Bd6 Bb5 26. Nxb5
axb5 27. a3 1-0

[Event "Summer Cup"]
[Site "Wellington Chess Club"]
[Date "2021.03.18"]
[Round "6.19"]
[White "Carroll, Lewis"]
[Black "Farrington, Lawrence"]
[Result "0-1"]
[WhiteElo "1684"]
[BlackElo "1611"]

1. e4 e6 2. Nf3 d5 3. Nc3 c5 4. d4 Nf6 5. exd5 exd5 6. Be3 cxd4 7. Nxd4 Bb4 8.
Bd2 O-O 9. Bd3 Re8+ 10. Nce2 Bxd2+ 11. Qxd2 Ne4 12. Qf4 Nc6 13. O-O-O Qa5 14.
Kb1 Nb4 15. a3 Nxd3 16. Rxd3 Bd7 17. Nb3 Qb5 18. Ned4 Qb6 19. Nf5 Bxf5 20. Qxf5
Nxf2 21. Rf1 Nxd3 22. Qxf7+ Kh8 23. Rf5 Nc5 24. Nd4 Rad8 25. Rg5 Qf6 26. Qh5
Qxd4 0-1

[Event "Summer Cup"]
[Site "Wellington Chess Club"]
[Date "2021.03.18"]
[Round "6.20"]
[White "Dixon, Hamish"]
[Black "Van der Hoorn, Thomas"]
[Result "0-1"]
[WhiteElo "1724"]
[BlackElo "1599"]

1. e4 c6 2. d4 d5 3. Bd3 dxe4 4. Bxe4 Nf6 5. Nc3 Nxe4 6. Nxe4 Bf5 7. Ng3 Bg6 8.
Nf3 e6 9. Bf4 Bd6 10. Ne5 Qc7 11. Nxg6 hxg6 12. Bxd6 Qxd6 13. c3 Nd7 14. Qb3
O-O-O 15. O-O-O Nf6 16. h3 Qf4+ 17. Rd2 Rd5 18. Qa3 Kb8 19. Rd1 Rhd8 20. Qb3 e5
21. Qc2 exd4 22. cxd4 Rxd4 23. Ne2 Rxd2 24. Rxd2 Qxd2+ 25. Qxd2 Rxd2 26. Kxd2
Kc7 27. Kd3 Kd6 28. Nc3 Nd5 29. g3 Nxc3 30. Kxc3 Kd5 31. f3 c5 32. Kd3 b5 33.
b3 a5 34. Kc3 c4 35. bxc4+ bxc4 36. a3 g5 37. h4 gxh4 38. gxh4 g6 39. a4 Kc5
40. f4 f5 0-1

[Event "Summer Cup"]
[Site "Wellington Chess Club"]
[Date "2021.03.18"]
[Round "6.21"]
[White "Croad, Simon"]
[Black "Stracy, Don"]
[Result "1-0"]
[WhiteElo "1500"]
[BlackElo "1686"]

1. e4 c5 2. c3 Nc6 3. d4 cxd4 4. cxd4 d6 5. Nc3 Nf6 6. Nf3 g6 7. Bc4 Bg7 8. O-O
O-O 9. Re1 a6 10. d5 Na5 11. Bf1 b5 12. e5 dxe5 13. Nxe5 b4 14. Na4 Qxd5 15.
Qe2 Rd8 16. Nb6 Qb7 17. Nxa8 Qxa8 18. Bg5 Qa7 19. Be3 Qb7 20. g3 e6 21. Bg2 Nd5
22. Bxd5 exd5 23. Nf3 Bg4 24. Rad1 d4 25. Kg2 d3 26. Bc5 Bxf3+ 27. Qxf3 Qxf3+
28. Kxf3 Bxb2 29. Bb6 1-0

[Event "Summer Cup"]
[Site "Wellington Chess Club"]
[Date "2021.03.18"]
[Round "6.22"]
[White "Malcolm, Aidan"]
[Black "Langford, Josh"]
[Result "0-1"]
[WhiteElo "1500"]
[BlackElo "1680"]

1. e4 c6 2. d4 d5 3. exd5 cxd5 4. c4 Nf6 5. Nc3 Nc6 6. Nf3 Bg4 7. cxd5 Nxd5 8.
Qb3 Bxf3 9. gxf3 Nb6 10. Be3 e6 11. O-O-O Be7 12. Bb5 O-O 13. Rhg1 Bf6 14. Bxc6
bxc6 15. Ne4 Rb8 16. Qc2 Nd5 17. Bh6 g6 18. Bxf8 Kxf8 19. Nxf6 Nxf6 20. Qc5+
Kg8 21. Qxa7 Ra8 22. Qc5 Rxa2 23. Qxc6 Qb8 24. Qc3 Nd5 25. Qc2 Qb4 26. Qb1 Nc3
27. Qc2 Nxd1 28. Qxd1 Qxb2# 0-1

[Event "Summer Cup"]
[Site "Wellington Chess Club"]
[Date "2021.03.18"]
[Round "6.23"]
[White "Bennett, Ezra"]
[Black "Pendharkar, Ajit"]
[Result "0-1"]
[WhiteElo "1399"]
[BlackElo "1605"]

1. d4 Nf6 2. e3 e6 3. Nf3 d5 4. Bd3 b6 5. O-O Bb7 6. b3 Bd6 7. Bb2 Nbd7 8. Re1
Ne4 9. Nbd2 f5 10. c4 O-O 11. Ne5 c6 12. f3 Ng5 13. f4 Ne4 14. Rf1 Ndf6 15.
Ndf3 Qe8 16. Qe1 Be7 17. Bxe4 Nxe4 18. Ng5 Nxg5 19. fxg5 Bxg5 20. Qg3 Qe7 21.
Rf3 dxc4 22. d5 cxd5 23. Bd4 Rac8 24. b4 c3 25. Rc1 Bh6 26. Rc2 Qxb4 27. Nd3
Qb1+ 28. Ne1 Rf7 29. Kf2 Ba6 30. Qe5 Re8 31. Bxc3 Qb5 32. Rb2 Qf1+ 33. Kg3 Qc4
34. Rb4 Qc8 35. Rh4 Bg5 36. Rh5 Bf6 37. Qxf6 gxf6 0-1

[Event "Summer Cup"]
[Site "Wellington Chess Club"]
[Date "2021.03.18"]
[Round "6.24"]
[White "Jelley, Arch"]
[Black "Osborne, Geoff"]
[Result "0-1"]
[WhiteElo "1910"]
[BlackElo "1252"]

1. e4 d6 2. d4 Nf6 3. Nc3 g6 4. Nf3 Bg7 5. h3 O-O 6. Be3 c6 7. Bd3 Nbd7 8. Qd2
b5 9. a3 a6 10. Ng5 e5 11. Nf3 Re8 12. g4 exd4 13. Nxd4 Bb7 14. f3 d5 15. O-O-O
c5 16. Ndxb5 axb5 17. Nxb5 Qb8 18. Bf4 Ne5 19. Nc3 Nxd3+ 20. cxd3 Qc8 21. Nb5
Re7 22. Bg5 Re6 23. Qf4 Ne8 24. e5 Bxe5 0-1

[Event "Summer Cup"]
[Site "Wellington Chess Club"]
[Date "2021.03.18"]
[Round "6.25"]
[White "Carlyle, Mathieson"]
[Black "Cooke, Xandi"]
[Result "1-0"]
[WhiteElo "1500"]
[BlackElo "1475"]

1. e4 { Coming into the game, all I knew was that e4 would likely be played, so
I had lost a prep advantage. } 1... c5 2. Nc3 Nc6 { When I saw this I instantly
thought grand prix. I remembered I had some study on it and it involved d5 and
Nd4, But I could not remember the exact lines. } 3. Bb5 { Quite early to bring
bishop to b5 compared to other lines } 3... Nd4 { As said earlier, this is what
I remembered so I played it } 4. f4 Nxb5 5. Nxb5 a6 6. Nc3 d6 7. Nf3 e6 8. O-O
Be7 9. d3 Nf6 10. Qe1 b5 11. Bd2 Bb7 12. a3 O-O 13. Ne2 Qb6 14. Ba5 Qc6 15. Ng3
d5 { For the past 15 moves it was all =. But this move signals whited advantage
beggining. } 16. e5 Nd7 17. f5 { At this point it is basically = } 17... h6 $4
{ However, as stated this is a blunder due to the following line. d4 would
have been completely = and put the game afoot. } 18. f6 gxf6 19. exf6 Bxf6 20.
Nh5 Kh7 21. Nxf6+ Nxf6 22. Ne5 Qd6 23. Rxf6 Qe7 24. Qh4 Qd6 25. Rxh6+ Kg7 26.
Qg5# { Props to Mathieson, well played all in short time to. However, it is
always annoying to know you lost because of 1 blunder that doesn't have the
most apparent mistake clear, due to the pawn sac. 1-0. } 1-0

[Event "Summer Cup"]
[Site "Wellington Chess Club"]
[Date "2021.03.18"]
[Round "6.26"]
[White "Chaturvedi, Vivaan"]
[Black "Asher, Bruce"]
[Result "0-1"]
[WhiteElo "1500"]
[BlackElo "1193"]

1. Nf3 Nc6 2. g3 e5 3. Nc3 Nf6 4. Bg2 d5 5. e3 Bc5 6. O-O Bg4 7. Qe2 e4 8. d4
Bb6 9. h3 exf3 10. Bxf3 Bxh3 11. Re1 O-O 12. e4 dxe4 13. Nxe4 Nxd4 14. Nxf6+
Qxf6 15. Qd3 Nxf3+ 0-1

[Event "Summer Cup"]
[Site "Wellington Chess Club"]
[Date "2021.03.18"]
[Round "6.28"]
[White "Ashe, Michael"]
[Black "Dunlop, Rafe"]
[Result "1-0"]
[WhiteElo "1816"]
[BlackElo "1376"]

1. d4 d5 2. c4 e6 3. Nc3 Nf6 4. cxd5 exd5 5. Bg5 Be6 6. e3 Nbd7 7. Bd3 h6 8.
Bh4 Be7 9. Qc2 Rc8 10. Nge2 O-O 11. O-O b6 12. Ba6 Ra8 13. Nb5 c5 14. Bg3 1-0

[Event "Summer Cup"]
[Site "Wellington Chess Club"]
[Date "2021.03.18"]
[Round "6.29"]
[White "Qu, Lucas"]
[Black "Lavender, Ariel"]
[Result "0-1"]
[WhiteElo "1500"]
[BlackElo "1500"]

1. e4 c6 2. c4 e6 3. Nc3 d5 4. d4 Bb4 5. a3 Bxc3+ 6. bxc3 dxe4 7. Qg4 g6 8. Qf4
Nf6 9. Qe5 Nbd7 10. Qf4 O-O 11. g3 Qa5 12. Bd2 e5 13. dxe5 Qxe5 14. Qxe5 Nxe5
15. Bg5 Kg7 16. Bxf6+ Kxf6 17. f4 exf3 18. Kf2 Bg4 19. h3 Be6 20. Nxf3 Nxc4 21.
Bxc4 Bxc4 22. Rhe1 Rfe8 23. Rad1 Rxe1 24. Nxe1 Be6 25. h4 Ke7 26. Nf3 f6 27.
Re1 Kf7 28. Rd1 Ke7 29. Re1 Rd8 30. Nd4 Rd6 31. c4 Rxd4 32. Kg2 Rxc4 33. Rxe6+
Kxe6 34. Kh3 Rd4 35. Kg2 c5 36. Kh3 c4 37. Kg2 c3 38. Kh3 c2 39. Kg2 c1=Q 40.
Kf3 Qc3+ 41. Kg2 Rd2+ 42. Kh3 h6 43. a4 f5 44. a5 f4 45. Kg4 Qxg3# 0-1

[Event "Summer Cup"]
[Site "Wellington Chess Club"]
[Date "2021.03.25"]
[Round "7.1"]
[White "Ker, Anthony"]
[Black "Wojnar, Jacek"]
[Result "1-0"]
[WhiteElo "2440"]
[BlackElo "2057"]

1. e4 c6 2. d4 d5 3. exd5 cxd5 4. Bd3 Nc6 5. c3 Nf6 6. Bf4 Bg4 7. Qb3 Qd7 8.
Nd2 e6 9. Ngf3 Be7 10. Ne5 Nxe5 11. dxe5 Ng8 12. Bb5 1-0

[Event "Summer Cup"]
[Site "Wellington Chess Club"]
[Date "2021.03.25"]
[Round "7.2"]
[White "Wojnar, Maciej"]
[Black "Wastney, Scott"]
[Result "0-1"]
[WhiteElo "2101"]
[BlackElo "2434"]

1. e4 e5 2. Bc4 Nf6 3. d4 exd4 4. Nf3 Nc6 5. O-O Nxe4 6. Nc3 Nxc3 7. Re1+ Be7
8. bxc3 O-O 9. cxd4 d5 10. Bb5 Bg4 11. Bxc6 bxc6 12. h3 Bxf3 13. Qxf3 Re8 14.
Bd2 Qd7 15. Qc3 c5 16. Be3 c4 17. Qa5 Bd6 18. Bd2 c6 19. Rab1 Bc7 20. Qa6 Bb6
21. Be3 Rac8 22. a4 Rb8 23. Rb2 Qc8 24. Qxc8 Rbxc8 25. Kf1 Rb8 26. Reb1 Bc7 27.
Rb7 Bb6 28. Rxb8 Rxb8 29. Ke2 Bc7 30. Rxb8+ Bxb8 31. Kd2 Bc7 32. f3 f5 33. Bg5
Kf7 0-1

[Event "Summer Cup"]
[Site "Wellington Chess Club"]
[Date "2021.03.25"]
[Round "7.3"]
[White "Croad, Nicolas"]
[Black "Dive, Russell"]
[Result "1-0"]
[WhiteElo "2455"]
[BlackElo "2407"]

1. d4 Nf6 2. c4 e6 3. Nc3 Bb4 4. Qc2 O-O 5. a3 Bxc3+ 6. Qxc3 b6 7. Bg5 Bb7 8.
f3 h6 9. Bh4 d5 10. e3 Nbd7 11. cxd5 exd5 12. Bb5 c6 13. Bd3 Re8 14. Bf5 Nf8
15. Ne2 Ba6 16. Bf2 Ne6 17. Bd3 Bxd3 18. Qxd3 c5 19. O-O Rc8 20. Rad1 Qe7 21.
dxc5 bxc5 22. Nc3 Rcd8 23. Rfe1 Qb7 24. Bh4 Ng5 25. Qb5 Qxb5 26. Nxb5 Rb8 27.
a4 Re7 28. Bg3 Rc8 29. Bd6 Rd7 30. Be5 Ngh7 31. Re2 a6 32. Nc3 Re8 33. Bg3 Nf8
34. Red2 Rxe3 35. Bf2 Re8 36. Bxc5 Ne6 37. Bf2 Rb8 38. a5 Rb4 39. Bb6 d4 40.
Ne2 d3 41. Nc1 Nf4 42. Nxd3 Nxd3 43. Rxd3 Rxd3 44. Rxd3 Rxb2 45. Rd8+ Kh7 46.
Ra8 Nd5 47. Rxa6 Nxb6 48. Rxb6 Ra2 49. a6 f6 50. h4 h5 51. Kh2 Kg6 52. Kh3 Ra4
53. Kg3 Ra2 54. Rd6 Ra4 55. Kh3 Ra3 56. Kh2 Ra2 57. Kg3 Ra4 58. Re6 Kf7 59. Rb6
Kg6 60. Rd6 Kh6 61. Re6 Kg6 62. Kf2 Kf5 63. Rb6 Kg6 64. g3 Ra3 65. Rd6 Kh6 66.
Ke2 Kg6 67. g4 hxg4 68. fxg4 Ra4 69. Kf3 Ra3+ 70. Ke4 Ra4+ 71. Kd3 Rxg4 72. Rd4
Rg3+ 73. Kc4 Ra3 74. Kb5 Kh5 75. Ra4 Rb3+ 76. Kc6 Rb8 77. a7 Ra8 78. Kb7 Rxa7+
79. Kxa7 g5 80. hxg5 fxg5 81. Kb6 g4 82. Ra8 g3 83. Rg8 Kh4 84. Kc5 Kh3 85. Kd4
1-0

[Event "Summer Cup"]
[Site "Wellington Chess Club"]
[Date "2021.03.25"]
[Round "7.4"]
[White "Russell, Athula"]
[Black "Cilia Vincenti, David"]
[Result "1-0"]
[WhiteElo "2261"]
[BlackElo "2276"]

1. d4 f5 2. Bg5 g6 3. Nc3 Bg7 4. e4 fxe4 5. Bc4 Nf6 6. f3 e3 7. Qe2 c6 8. Qxe3
d5 9. Bb3 O-O 10. Nge2 a5 11. Nf4 Qd6 12. Nd3 b5 13. a4 b4 14. Ne2 Bf5 15. Bf4
Qd8 16. Ne5 Nfd7 17. g4 Nxe5 18. gxf5 Nc4 19. Bxc4 dxc4 20. fxg6 Qd5 21. gxh7+
Kh8 22. Rg1 Nd7 23. Bh6 Bxh6 24. Qxh6 Rf7 25. Nf4 1-0

[Event "Summer Cup"]
[Site "Wellington Chess Club"]
[Date "2021.03.25"]
[Round "7.5"]
[White "Winter, Ryan"]
[Black "Dunn, Paul"]
[Result "1-0"]
[WhiteElo "2165"]
[BlackElo "2000"]

1. e4 e5 2. Nf3 Nc6 3. d4 exd4 4. Bc4 Bc5 5. c3 Nf6 6. e5 d5 7. Be2 Ne4 8. cxd4
Bb4+ 9. Bd2 Nxd2 10. Nbxd2 O-O 11. O-O Bxd2 12. Qxd2 f6 13. Bb5 Ne7 14. exf6
Rxf6 15. Ne5 c6 16. Bd3 Bf5 17. Rfe1 Bxd3 18. Qxd3 Qd6 19. Re2 Raf8 20. Rae1
Nf5 21. a3 Nh6 22. g3 Nf7 23. f4 Qd8 24. Nxf7 R6xf7 25. Re5 Qd7 26. Qe3 h6 27.
h4 Rf5 28. Re7 Qc8 29. Qe2 R5f7 30. Rxf7 Kxf7 31. Qh5+ Kg8 32. Re7 1-0

[Event "Summer Cup"]
[Site "Wellington Chess Club"]
[Date "2021.03.25"]
[Round "7.6"]
[White "Pomeroy, Arthur"]
[Black "Chen, Wei Kai"]
[Result "1-0"]
[WhiteElo "2039"]
[BlackElo "1929"]

1. e4 c6 2. d4 d5 3. e5 Bf5 4. h4 h5 5. c4 e6 6. Nc3 Nd7 7. cxd5 cxd5 8. Nf3
Bb4 9. a3 Ba5 10. Bg5 f6 11. exf6 gxf6 12. Bf4 Qe7 13. Bd3 Bxd3 14. Qxd3 Bxc3+
15. Qxc3 Nh6 16. O-O Qg7 17. Rfe1 Qg4 18. Qe3 Rg8 19. Qxe6+ Qxe6 20. Rxe6+ Kf7
21. Rd6 1-0

[Event "Summer Cup"]
[Site "Wellington Chess Club"]
[Date "2021.03.25"]
[Round "7.7"]
[White "Zaslow, Henry"]
[Black "Stone, Andrew"]
[Result "1/2-1/2"]
[WhiteElo "1500"]
[BlackElo "2037"]

1. e4 c6 2. d4 d5 3. e5 c5 4. dxc5 e6 5. Be3 Qc7 6. f4 Bxc5 7. Bxc5 Qxc5 8. Nc3
Bd7 9. Nf3 a6 10. Qd2 Nc6 11. O-O-O Nge7 12. Ne4 dxe4 13. Qxd7+ Kf8 14. Qxb7
Qa7 15. Qxa7 Rxa7 16. Nd2 e3 17. Nc4 Nd5 18. g3 Rc7 19. c3 Ke7 20. Bg2 Ncb4 21.
Bxd5 Nxd5 22. Rd4 Rhc8 23. Nd6 Rb8 24. Re1 Nxc3 25. Rc4 Rxc4 26. Nxc4 Nxa2+ 27.
Kb1 Nc3+ 28. Kc2 Nd5 29. Nxe3 Nb4+ 1/2-1/2

[Event "Summer Cup"]
[Site "Wellington Chess Club"]
[Date "2021.03.25"]
[Round "7.8"]
[White "Farrington, Lawrence"]
[Black "Sellen, Ian"]
[Result "0-1"]
[WhiteElo "1611"]
[BlackElo "2044"]

1. e4 c5 2. Nf3 d6 3. Bb5+ Bd7 4. Bxd7+ Nxd7 5. O-O Ngf6 6. Re1 e6 7. e5 dxe5
8. Nxe5 Bd6 9. Nf3 O-O 10. Nc3 a6 11. d3 Qc7 12. h3 Rfd8 13. Bg5 h6 14. Bxf6
Nxf6 15. Qe2 b5 16. Ne4 Be7 17. Nfd2 Rac8 18. Rac1 Nxe4 19. Nxe4 c4 20. dxc4
Qxc4 21. Qxc4 Rxc4 22. c3 f5 23. Ng3 Kf7 24. a3 g6 25. Red1 Rxd1+ 26. Rxd1 e5
27. Kf1 Ke6 28. Ne2 a5 29. f4 Bf6 30. fxe5 Bxe5 31. Ra1 g5 32. Ke1 h5 33. Kd2
a4 34. Ke1 h4 35. Rd1 Bf6 36. Kf2 g4 37. hxg4 fxg4 38. Rd3 Rc5 39. Re3+ Kf5 40.
Rd3 Be5 41. Rd8 Ke4 42. Rd2 g3+ 43. Ke1 Rd5 44. Rxd5 Kxd5 45. Kd2 Ke4 46. Ng1
Bf4+ 47. Ke2 Bc1 48. Nf3 Bxb2 49. Nd4 Bxa3 50. Nxb5 Bc5 51. c4 a3 52. Nc3+ Kd4
53. Kd2 Kxc4 54. Kc2 Bd4 55. Na2 h3 0-1

[Event "Summer Cup"]
[Site "Wellington Chess Club"]
[Date "2021.03.25"]
[Round "7.9"]
[White "Forster, Bill"]
[Black "Aldridge, Alan"]
[Result "1-0"]
[WhiteElo "2038"]
[BlackElo "1826"]

1. e4 e5 2. Nf3 Nc6 3. Bb5 a6 4. Ba4 Nf6 5. d3 b5 6. Bb3 Be7 7. c3 O-O 8. O-O
d6 9. Nbd2 Bd7 10. Re1 Na5 11. Bc2 c5 12. Nf1 Re8 13. h3 g6 14. Ng3 Bf8 15. Be3
Bg7 16. Qd2 Rc8 17. Rac1 Nc6 18. Bb1 a5 19. d4 cxd4 20. cxd4 Nxd4 21. Nxd4 exd4
22. Bxd4 Bc6 23. Bd3 Qd7 24. Qxa5 d5 25. Rxc6 Qxc6 26. Bxb5 Qa8 27. Qxa8 Rxa8
28. Bxe8 Rxe8 29. f3 h5 30. h4 dxe4 31. Nxe4 Nd5 32. Bxg7 Kxg7 33. Rd1 Ne3 34.
Rd3 Nf5 35. g3 Rc8 36. a4 Rc2 37. Rd2 Rc4 38. b3 Rc1+ 39. Kf2 Ne7 40. Ra2 Nd5
41. a5 Nb4 42. Ra4 Rc2+ 43. Ke3 Nc6 44. a6 f5 45. a7 1-0

[Event "Summer Cup"]
[Site "Wellington Chess Club"]
[Date "2021.03.25"]
[Round "7.10"]
[White "Benitez, Edgar"]
[Black "Brockway, Andrew"]
[Result "1/2-1/2"]
[WhiteElo "2033"]
[BlackElo "1817"]

1. c4 e6 2. Nc3 Nf6 3. g3 d5 4. cxd5 exd5 5. d4 Bd6 6. Bg2 c6 7. e3 Bf5 8. Nf3
Qc8 9. O-O O-O 10. Re1 Ne4 11. Nd2 Re8 12. Ndxe4 dxe4 13. Bd2 Nd7 14. Rc1 Nf6
15. d5 Bg4 16. f3 exf3 17. Bxf3 Qf5 18. Rf1 cxd5 19. Bxg4 Qxg4 20. Nxd5 Qxd1
21. Nxf6+ gxf6 22. Rfxd1 Be5 23. Kf2 Rac8 24. Bc3 Bxc3 25. Rxc3 Rxc3 26. bxc3
Rc8 27. Rc1 Rc5 28. Ke2 Ra5 29. Rc2 Kf8 30. Kd3 Ke7 31. Kd4 Kd6 32. e4 b6 33.
Kc4 Rc5+ 34. Kd3 Ra5 35. c4 Rh5 36. Kd4 Ra5 37. Kc3 Re5 38. Kd4 Ra5 39. g4 Ra3
40. Rb2 Ra5 41. h4 h6 42. Kc3 Ra3+ 43. Kd4 Ra5 44. Rc2 Rc5 { (=) } 45. Re2 Ra5
46. Rf2 Ke6 47. Rb2 Ra3 48. Rg2 Ra5 49. Rc2 Rc5 50. Rc3 Ra5 51. a3 h5 52. gxh5
Rxh5 53. Rh3 Kd6 54. Rf3 Rxh4 55. Rxf6+ Ke7 56. Rf3 Ke6 57. Rd3 Rh5 58. Re3 Ra5
59. Rh3 Rg5 60. Rh5 Rg6 61. Rh8 Rg3 62. Rh6+ Ke7 63. c5 bxc5+ 64. Kxc5 Rxa3 65.
e5 Ra5+ 66. Kd4 Ra1 67. Kd5 Rd1+ 68. Ke4 Ra1 69. Rc6 Kd7 70. Rd6+ Ke7 71. Rc6
Re1+ 72. Kf5 Rf1+ 1/2-1/2

[Event "Summer Cup"]
[Site "Wellington Chess Club"]
[Date "2021.03.25"]
[Round "7.11"]
[White "Van der Hoorn, Thomas"]
[Black "Symon, Christopher"]
[Result "1-0"]
[WhiteElo "1599"]
[BlackElo "2022"]

1. e4 c5 2. Nf3 Nc6 3. d4 cxd4 4. Nxd4 g6 5. Nc3 Bg7 6. Be3 d6 7. Bc4 Nf6 8. f3
O-O 9. Bb3 Bd7 10. Qd2 Rc8 11. O-O-O a5 12. h4 h5 13. g4 hxg4 14. h5 Nxh5 15.
fxg4 Bxg4 16. Rdg1 Ne5 17. Bh6 e6 18. Bxg7 Kxg7 19. Rxg4 Nxg4 20. Bxe6 Ne5 21.
Bxc8 Qxc8 22. Rxh5 gxh5 23. Qg5+ Kh8 24. Qh6+ Kg8 25. Nf5 1-0

[Event "Summer Cup"]
[Site "Wellington Chess Club"]
[Date "2021.03.25"]
[Round "7.12"]
[White "Jackson, Ross"]
[Black "Robinson, Max"]
[Result "1-0"]
[WhiteElo "2006"]
[BlackElo "1805"]

1. d4 d5 2. c4 e6 3. Nc3 Be7 4. Bf4 Nf6 5. e3 c6 6. Bd3 O-O 7. Nf3 Nh5 8. Bg3
Nd7 9. Ne5 Nxg3 10. Bxh7+ Kh8 11. hxg3 Nf6 12. Qc2 c5 13. O-O-O Qc7 14. cxd5
cxd4 15. exd4 exd5 16. Rh2 g6 17. Bxg6+ Kg7 18. Qd2 1-0

[Event "Summer Cup"]
[Site "Wellington Chess Club"]
[Date "2021.03.25"]
[Round "7.13"]
[White "Sole, Michael"]
[Black "Webster, Jamie"]
[Result "1-0"]
[WhiteElo "1986"]
[BlackElo "1720"]

1. e4 e5 2. Nf3 Nc6 3. Bb5 a6 4. Ba4 Nf6 5. O-O Be7 6. Re1 b5 7. Bb3 O-O 8. a4
Bb7 9. d3 d6 10. Nbd2 Nd7 11. c3 Nc5 12. Bc2 b4 13. Nf1 Ne6 14. Ne3 Ng5 15. Nf5
Nxf3+ 16. Qxf3 Re8 17. Qg3 Bf8 18. Nh6+ 1-0